Soil Survey Manual / (Record no. 4128)

MARC details
000 -LEADER
fixed length control field 00459nam a2200157 a 4500
020 ## - INTERNATIONAL STANDARD BOOK NUMBER
ISBN 1410204170 (paperback)
020 ## - INTERNATIONAL STANDARD BOOK NUMBER
ISBN 9781410204172 (paperback)
082 ## - DEWEY DECIMAL CLASSIFICATION NUMBER
Classification number 631.4DEP
100 1# - MAIN ENTRY--AUTHOR NAME
Personal name Department of Agriculture, U S.
245 10 - TITLE STATEMENT
Title Soil Survey Manual /
260 ## - PUBLICATION, DISTRIBUTION, ETC. (IMPRINT)
Place of publication [S.l.] :
Name of publisher University Press of the Pacific,
Year of publication 2002.
300 ## - PHYSICAL DESCRIPTION
Number of Pages 532 p. ;
650 ## - SUBJECT ADDED ENTRY--TOPICAL TERM
Topical Term Soil
856 40 - ELECTRONIC LOCATION AND ACCESS
Uniform Resource Identifier http://www.amazon.com/exec/obidos/ASIN/1410204170/chopaconline-20
942 ## - ADDED ENTRY ELEMENTS (KOHA)
Koha item type Books
Holdings
Withdrawn status Lost status Home library Current library Date acquired Cost, normal purchase price Full call number Accession Number Koha item type
    Seminar Library, Civil Engg. Seminar Library, Civil Engg. 24/05/2014 1700.00 621.47SOI 38870 Books